L'Educació de prop : el paper dels municipis en la política educativa : març 2004 - abril 2005 el paper dels municipis en la política educativa :
Descripción Física:
298 p. ; 30 cm
MARC
| LEADER | 00000nam a2200000Ia 4500 | ||
|---|---|---|---|
| 001 | 18257 | ||
| 003 | BGR | ||
| 005 | 20260324175345.0 | ||
| 008 | 160829s2006 xx 000 0 cat d | ||
| 080 | |a E-1-275 | ||
| 245 | |a L'Educació de prop : |b el paper dels municipis en la política educativa : |b març 2004 - abril 2005 | ||
| 260 | |a Barcelona : |b Diputació de Barcelona. Àrea d'Educació, |c 2006 | ||
| 300 | |a 298 p. ; |c 30 cm | ||
| 590 | |a Recull de materials publicats a la revista virtual 'De Prop: revista de política educativa local' www.deprop.net | ||
| 650 | |a Política i educació |x Catalunya |x Congressos |9 28925 | ||
| 650 | |a Administració local |x Catalunya |x Aspectes socials |x Congressos |9 28926 | ||
| 651 | 0 | |a Catalunya |x Política educativa |v Congressos |9 56253 | |
| 710 | |a Barcelona (Catalunya : Província). |b Àrea d'Educació |9 8009 | ||
| 711 | |a Fòrum Local d'Educació |9 67115 | ||
| 901 | |a Arxiu | ||
| 942 | |n 1 |2 udc |c MON | ||
| 952 | |0 0 |1 0 |4 0 |6 E1275 |7 1 |9 44975 |a Arxiu |b Arxiu |d 2016-12-01 |l 0 |o E-1-275 |p 18257 |r 2016-12-01 00:00:00 |w 2016-12-01 |y ARXIU | ||
| 999 | |c 47578 |d 47578 | ||